Подробности
| 000 -МАРКЕР |
| контрольное поле |
01424nam0a2200265 4500 |
| 001 - ИДЕНТИФИКАТОР ЗАПИСИ |
| контрольное поле |
RU\NLR\BIBL_A\011529068 |
| 005 - ИДЕНТИФИКАТОР ВЕРСИИ |
| контрольное поле |
20250626084439.0 |
| 035 ## - ДРУГИЕ СИСТЕМНЫЕ НОМЕРА |
| Идентификатор записи |
(NLR Aleph) 011529068 |
| 100 ## - ДАННЫЕ ОБЩЕЙ ОБРАБОТКИ |
| Данные общей обработки |
20171117d1935 |||y0rusy50 ca |
| 101 0# - ЯЗЫК РЕСУРСА |
| Язык текста, звукозаписи и т.д. |
чеченский |
| -- |
русский |
| 102 ## - СТРАНА ПУБЛИКАЦИИ ИЛИ ПРОИЗВОДСТВА |
| Страна публикации |
Российская Федерация |
| 105 ## - ПОЛЕ КОДИРОВАННЫХ ДАННЫХ: ТЕКСТОВЫЕ МАТЕРИАЛЫ, МОНОГРАФИЧЕСКИЕ |
| Кодированные данные о монографическом текстовом документе |
y z 000 y |
| 200 1# - ЗАГЛАВИЕ И СВЕДЕНИЯ ОБ ОТВЕТСТВЕННОСТИ |
| Основное заглавие |
Колхозхойн-хIайттархойн Ерригсоизан шолгIачу съездан жамIаш |
| Сведения, относящиеся к заглавию |
ВКП(б)-н ЦК-н юьртан бахаман отделан заведушчес Мскохан, Ленинградан партаактивиашкехь йина доклад |
| Первые сведения об ответственности |
Я. А. Яковлев |
| 210 ## - ПУБЛИКАЦИЯ, РАСПРОСТРАНЕНИЕ И ДР. |
| Место издания, распространения и т.д. |
Соьлж-ГIала |
| Имя издателя, распространителя и т. д. |
НохчгIалгIкъамзорб |
| Дата издания, распространения и т.д. |
1935 |
| 215 ## - ФИЗИЧЕСКАЯ ХАРАКТЕРИСТИКА |
| Специфическое обозначение материала и объем |
99,[1] с. |
| Размеры |
18 |
| 300 ## - ОБЩИЕ ПРИМЕЧАНИЯ |
| Текст примечания |
Латин. графика |
| 300 ## - ОБЩИЕ ПРИМЕЧАНИЯ |
| Текст примечания |
Текст на чеч., рус. яз. |
| 541 1# - ПЕРЕВОД ЗАГЛАВИЯ, СДЕЛАННЫЙ КАТАЛОГИЗАТОРОМ |
| Заглавие |
Итоги второго Всесоюзного съезда колхоников-ударников |
| Сведения, относящиеся к заглавию |
доклад зав. сельхозотделом ЦК ВКП(б) на московском и ленинградском партийных активах |
| Язык заглавия |
русский |
| 686 1# - ИНДЕКСЫ ДРУГИХ КЛАССИФИКАЦИЙ |
| Индекс |
Ф61(2)432 |
| 700 #1 - ИМЯ ЛИЦА - ПЕРВИЧНАЯ ОТВЕТСТВЕННОСТЬ |
| Код отношения |
Автор |
| Начальный элемент ввода |
Яковлев |
| Часть имени, кроме начального элемента ввода |
Я. А. |
| Дополнения к именам, кроме дат |
гос. и полит. деятель |
| Даты |
1896-1938 |
| Расширение инициалов личного имени |
Яков Аркадьевич |
| Системный номер авторитетной/нормативной записи |
188622 |
| Идентификатор авторитетной/нормативной записи |
RU\NLR\AUTH\770188673 |
| 852 ## - МЕСТОНАХОЖДЕНИЕ И ШИФР ХРАНЕНИЯ |
| Идентификатор организации |
NLR |
| Наименование фонда или коллекции (Sub-Location Identifier) |
ОНЛ |
| Шифр хранения (Call Number) |
Чеч./2-439 |
| 942 ## - ДОПОЛНИТЕЛЬНЫЕ ЭЛЕМЕНТЫ ЗАПИСИ (АБИС) |
| Тип экземпляра АБИС |
Книга |
| 980 ## - КОЛЛЕКЦИЯ |
| Название коллекции |
Национальная библиография |